Tombstone (Record no. 85941)

MARC details
000 -LEADER
campo de control de longitud fija 00663nam a2200217 i 4500
001 - NÚMERO DE CONTROL
campo de control 85941
003 - IDENTIFICADOR DE NÚMERO DE CONTROL
campo de control ES-MaACL
005 - FECHA Y HORA DE LA ÚLTIMA TRANSACCIÓN
campo de control 20230906175336.0
007 - CAMPO FIJO DE DESCRIPCIÓN FÍSICA--INFORMACIÓN GENERAL
campo de control de longitud fija t|
008 - DATOS DE LONGITUD FIJA--INFORMACIÓN GENERAL
campo de control de longitud fija 041203s1959 sp ||||1| spa d
100 1# - ENTRADA PRINCIPAL--NOMBRE DE PERSONA
Nombre de persona Kelland, Clarence Budington.
9 (RLIN) 67749
245 10 - MENCIÓN DEL TÍTULO
Título Tombstone
Resto del título : novela /
Mención de responsabilidad, etc. Clarence Budington Kelland ; [traducido del inglés por Joaquina González Marina].
250 ## - MENCION DE EDICION
Mención de edición [1ª ed.].
260 ## - PUBLICACIÓN, DISTRIBUCIÓN, ETC.
Lugar de publicación, distribución, etc. Barcelona :
Nombre del editor, distribuidor, etc. Planeta,
Fecha de publicación, distribución, etc. [1959] (
Fabricante Pulcra)
300 ## - DESCRIPCIÓN FÍSICA
Extensión 310 p. ;
Dimensiones 19 cm.
490 1# - MENCIÓN DE SERIE
Mención de serie Goliat
700 1# - ENTRADA AGREGADA--NOMBRE PERSONAL
Nombre de persona González-Marina, Joaquina.
9 (RLIN) 58778
830 0# - PUNTO DE ACCESO ADICIONAL DE SERIE-TÍTULO UNIFORME
Título uniforme Goliat
9 (RLIN) 181396
852 ## - LOCALIZACIÓN
Ubicación ES-MaACL
Número de control de estantería C-16126
Sublocalización o colección R.44098
Holdings
Estatus retirado Estado de pérdida Estado de daño No para préstamo Biblioteca de origen Biblioteca actual Ubicación en estantería Fecha de adquisición Fuente de adquisición Total de préstamos Signatura topográfica completa Código de barras Visto por última vez Precio de reemplazo Tipo de ítem Koha
        Biblioteca del Ateneo de Madrid Biblioteca del Ateneo de Madrid Ficheros 17/01/2008     C-16126 1089807 23/02/2023 23/02/2023 Libro impreso